Score 0/25 Timer 05:00
9 Plays Today
% Correct
Damon
93.9%
Nixon
93.2%
Carrey
89.3%
Parker
88.7%
Palin
87.3%
Gere
85.7%
Alba
85.2%
LeBlanc
81.5%
Simpson
80.1%
Franco
77.7%
Broderick
73.4%
Biel
70.3%
Gellar
69.8%
% Correct
Silverman
66.1%
Morrison
65.9%
Van Dyke
64.6%
Simmons
62.8%
Belushi
61.7%
McConaughey
58.3%
Chastain
55.3%
Cameron
53.2%
Astley
49%
Fox
43.9%
Lange
43.2%
Hyland
38.2%
Remove Ads.
Support Sporcle.
Get the best of Sporcle when you Go Orange. This ad-free experience offers more features, more stats, and more fun while also helping to support Sporcle. Thank you for becoming a member.

You're not logged in!

Compare scores with friends on all Sporcle quizzes.
OR
Log In

Sporcle TV

Today on Sporcle TV


Watch our educational content, quiz creation guides, and fun videos on Sporcle TV.

Show Comments

Extras

Top Quizzes Today


Score Distribution

Paid Content

Your Account Isn't Verified!

In order to create a playlist on Sporcle, you need to verify the email address you used during registration. Go to your Sporcle Settings to finish the process.

Report this User

Report this user for behavior that violates our Community Guidelines.

Details: